Crystal Palace Top Goalscorers of All Time - Statistics

General Stats
  • This quiz has been taken 25 times
  • The average score is 11 of 50
Answer Stats
Player APP Goals % Correct
Wilfried Zaha 458 90
86%
Eberechi Eze 134 29
76%
Jean-Philippe Mateta 116 33
71%
Michael Olise 90 16
71%
Christian Benteke 177 37
62%
Ian Wright 78 30
62%
Mark Bright 121 40
52%
Andy Johnson 158 83
43%
Jordan Ayew 212 23
43%
Glenn Murray 126 47
33%
Andros Townsend 185 16
29%
James McArthur 253 19
29%
Jeffrey Schlupp 238 19
29%
Dougie Freedman 318 85
24%
Dwight Gayle 74 25
24%
Jason Puncheon 169 16
24%
Luka Milivojevic 198 29
24%
Odsonne Edouard 103 21
24%
Patrick van Aanholt 134 14
24%
Scott Dan 181 16
24%
Clinton Morrison 309 109
19%
Connor Wickham 50 11
19%
Don Rogers 26 13
19%
John Salako 127 14
19%
Yannick Bolasie 144 13
19%
Geoff Thomas 140 16
14%
Ian Walsh 60 11
14%
Neil Shipperley 113 28
14%
Andy Gray 97 13
10%
Chris Armstrong 79 26
10%
Darren Ambrose 124 37
10%
Julian Gray 140 14
10%
Victor Moses 69 11
10%
Alan Lee 71 12
5%
Ben Watson 189 20
5%
Bruce Dyer 106 29
5%
David Hopkin 83 20
5%
Gerry Queen 111 27
5%
Neil Danns 114 21
5%
Tommy Black 150 16
5%
Akl Riihilahti 174 14
0%
Alan Birchenall 41 11
0%
Bobby Tambling 69 14
0%
Hayden Mullins 249 20
0%
James Scowcroft 86 14
0%
Jobi McAnuff 83 14
0%
John Craven 64 14
0%
Mikael Forssell 58 17
0%
Sean Scannell 141 13
0%
Shefki Kuql 83 18
0%
No matching quizzes found
Score Distribution
Percent of People with Each Score
Percentile by Number Answered
Your Score History
You have not taken this quiz